Předpoklady připravenosti ke školní docházce

Bibliographic Details
Main Author: Monatová, Lili (Author)
Format: Article
Language:Czech

MARC

LEADER 00000nab a2200000uu 4500
001 vtls011436869
003 SK-MaSNL
005 20260303145526.0
008 230222| xo |||||||||||||||||cze|
015 |a SNBRB 
035 |a (urnnbn)urn:nbn:sk:snk:ar-002ggq 
035 |a (uuid)c5051352-3a67-4ee0-b97d-037a2d18432c 
035 |a urn:nbn:sk:snk-abcc5o 
040 |a SNKBUCL  |b slo  |c SNKBUCL  |e AACR2 
041 0 |a cze 
044 |a xo  |c SK 
100 1 |a Monatová, Lili  |4 aut  |9 298612 
245 1 0 |a Předpoklady připravenosti ke školní docházce  |c Lili Monatová 
773 0 |t Predškolská výchova : pedagogický časopis pre učiteľky materských škôl  |g Roč. 23, č. 8 (1968-1969), s. 189-192 
958 |a OND 
958 |a EUIPO 
958 |a article16 
999 |c 2003649  |d 2005579